000 00613nam a22001937a 4500
005 20251108171014.0
008 250721s1999 xx 000 0 ara d
082 1 4 _a928.1/سرح
100 1 _aسرحان، مكي محمد
_eمؤلف
245 1 0 _aعبد الرحمن محمد رفيع /
264 1 _aبيروت :
_bالمؤسسة العربية للدراسات و النشر،
_c1999.
300 _a82ص.
490 0 _aأدباء خليجيون متميزون ؛ 8
650 1 7 _aالأدباء العرب
650 1 7 _aالبحرين
650 1 7 _aالتراجم
942 _2ddc
_cBK
999 _c54198
_d54198